Towards a theology of universality : (Record no. 8252)

MARC details
000 -LEADER
fixed length control field 01918cam a2200529 i 4500
001 - CONTROL NUMBER
control field 1788320
003 - CONTROL NUMBER IDENTIFIER
control field OSt
005 - DATE AND TIME OF LATEST TRANSACTION
control field 20190926130800.0
008 - FIXED-LENGTH DATA ELEMENTS--GENERAL INFORMATION
fixed length control field 140418s2015 ii b 001 0 eng d
010 ## - LIBRARY OF CONGRESS CONTROL NUMBER
LC control number 2015361424
020 ## - INTERNATIONAL STANDARD BOOK NUMBER
International Standard Book Number 9789351480112
020 ## - INTERNATIONAL STANDARD BOOK NUMBER
International Standard Book Number 9351480119
025 ## - OVERSEAS ACQUISITION NUMBER
Overseas acquisition number I-E-2015361424; 13-91
035 ## - SYSTEM CONTROL NUMBER
System control number (OCoLC)ocn900401420
035 ## - SYSTEM CONTROL NUMBER
System control number 1788320
037 ## - SOURCE OF ACQUISITION
Source of stock number/acquisition Library of Congress -- New Delhi Overseas Office
040 ## - CATALOGING SOURCE
Original cataloging agency DKAGE
Language of cataloging eng
Description conventions rda
Transcribing agency DLC
Modifying agency DKAGE
-- OCLCF
-- ZCU
-- OCLCQ
-- OCL
-- PTS
042 ## - AUTHENTICATION CODE
Authentication code lccopycat
-- lcode
043 ## - GEOGRAPHIC AREA CODE
Geographic area code a-ii---
-- e-uk---
049 ## - LOCAL HOLDINGS (OCLC)
Holding library PTSS
050 00 - LIBRARY OF CONGRESS CALL NUMBER
Classification number BX8495.W5
Item number S87 2015
082 04 - DEWEY DECIMAL CLASSIFICATION NUMBER
Classification number 306
Edition number 23
Item number SU961T
100 1# - MAIN ENTRY--PERSONAL NAME
Personal name Suray, Joseph Basappa,
Dates associated with a name 1961-
Relator term author.
245 10 - TITLE STATEMENT
Title Towards a theology of universality :
Remainder of title John Wesley's socio-economic, political & moral insights on British class & Indian caste distinctions /
Statement of responsibility, etc. Joseph Basappa Suray.
264 #1 - PRODUCTION, PUBLICATION, DISTRIBUTION, MANUFACTURE, AND COPYRIGHT NOTICE
Place of production, publication, distribution, manufacture New Delhi :
Name of producer, publisher, distributor, manufacturer Christian World Imprints,
Date of production, publication, distribution, manufacture, or copyright notice [2015].
264 #4 - PRODUCTION, PUBLICATION, DISTRIBUTION, MANUFACTURE, AND COPYRIGHT NOTICE
Date of production, publication, distribution, manufacture, or copyright notice �2015
300 ## - PHYSICAL DESCRIPTION
Extent xxxiv, 486 pages ;
Dimensions 22 cm.
336 ## - CONTENT TYPE
Content type term text
Content type code txt
Source rdacontent
337 ## - MEDIA TYPE
Media type term unmediated
Media type code n
Source rdamedia
338 ## - CARRIER TYPE
Carrier type term volume
Carrier type code nc
Source rdacarrier
490 1# - SERIES STATEMENT
Series statement Christian heritage rediscovered ;
Volume/sequential designation 5
500 ## - GENERAL NOTE
General note Originally presented as the author's thesis (Ph. D.)--Manchester University, 1998.
504 ## - BIBLIOGRAPHY, ETC. NOTE
Bibliography, etc. note Includes bibliographical references (pages [437]-472) and index.
600 10 - SUBJECT ADDED ENTRY--PERSONAL NAME
Personal name Wesley, John,
Dates associated with a name 1703-1791.
650 #0 - SUBJECT ADDED ENTRY--TOPICAL TERM
Topical term or geographic name entry element Prevenient grace
General subdivision History of doctrines.
650 #0 - SUBJECT ADDED ENTRY--TOPICAL TERM
Topical term or geographic name entry element Peonage
Geographic subdivision India
General subdivision History.
650 #0 - SUBJECT ADDED ENTRY--TOPICAL TERM
Topical term or geographic name entry element Slave trade
Geographic subdivision England
General subdivision History.
650 #0 - SUBJECT ADDED ENTRY--TOPICAL TERM
Topical term or geographic name entry element Social classes
Geographic subdivision England
General subdivision History.
650 #0 - SUBJECT ADDED ENTRY--TOPICAL TERM
Topical term or geographic name entry element Caste
Geographic subdivision India
General subdivision Religious aspects.
650 #0 - SUBJECT ADDED ENTRY--TOPICAL TERM
Topical term or geographic name entry element Missions
General subdivision Theory.
650 #0 - SUBJECT ADDED ENTRY--TOPICAL TERM
Topical term or geographic name entry element Theology, Doctrinal.
651 #0 - SUBJECT ADDED ENTRY--GEOGRAPHIC NAME
Geographic name India
General subdivision Social conditions.
651 #0 - SUBJECT ADDED ENTRY--GEOGRAPHIC NAME
Geographic name India
General subdivision Economic conditions.
830 #0 - SERIES ADDED ENTRY--UNIFORM TITLE
Uniform title Christian heritage rediscovered ;
Volume/sequential designation 5.
942 ## - ADDED ENTRY ELEMENTS (KOHA)
Source of classification or shelving scheme Dewey Decimal Classification
Koha item type Books
945 ## - LOCAL PROCESSING INFORMATION (OCLC)
a MARCIVE20181205

No items available.


OPAC Designed and Maintained by HMC Library Team.
Copyright © HMC Library,Greater Noida, UP.
For any Suggestions/Query Contact library via Email:libhmc@gmail.com